[Event "Deutsche Ländermeisterschaft 2014"]
[Site "Hannover GER"]
[Date "2014.10.05"]
[Round "5"]
[White "Schneider, Jana"]
[Black "Baltic, Fatih"]
[Result "1/2-1/2"]
[Termination "normal"]
[Board "1.6"]
[WhiteElo "1803"]
[BlackElo "1890"]
[WhiteClock "00:22:28"]
[BlackClock "00:41:07"]
[WhiteTeam "Bayern"]
[BlackTeam "Nordrhein-Westfalen"]
[PlyCount "62"]
[WhiteFideId "12924997"]
[BlackFideId "12979090"]
[EventCountry "GER"]
[EventRounds "7"]
[EventType "team-swiss"]
[EventDate "2014.10.02"]

1. e4 {[%clk 1:30:57]} c5 {[%clk 1:30:52]} 2. Nf3 {[%clk 1:31:15]} e6 {[%clk
1:31:04]} 3. d4 {[%clk 1:31:28]} cxd4 {[%clk 1:31:27]} 4. Nxd4 {[%clk 1:31:50]}
a6 {[%clk 1:31:48]} 5. Nc3 {[%clk 1:31:46]} Qc7 {[%clk 1:31:14]} 6. Be3 {[%clk
1:30:58]} Nf6 {[%clk 1:31:35]} 7. Bd3 {[%clk 1:26:39]} Be7 {[%clk 1:27:49]} 8.
O-O {[%clk 1:25:51]} O-O {[%clk 1:27:42]} 9. f4 {[%clk 1:25:07]} d6 {[%clk
1:28:01]} 10. Kh1 {[%clk 1:21:02]} b5 {[%clk 1:28:09]} 11. a3 {[%clk 1:18:44]}
Bb7 {[%clk 1:26:35]} 12. Qf3 {[%clk 1:16:14]} Nbd7 {[%clk 1:17:51]} 13. f5
{[%clk 1:03:48]} e5 {[%clk 1:18:12]} 14. Nde2 {[%clk 1:03:34]} Nb6 {[%clk
1:16:52]} 15. Bg5 {[%clk 1:02:18]} Rfd8 {[%clk 1:14:38]} 16. Ng3 {[%clk
0:59:27]} d5 {[%clk 1:12:48]} 17. Bxf6 {[%clk 0:58:22]} Bxf6 {[%clk 1:12:52]}
18. Nh5 {[%clk 0:58:18]} Na4 {[%clk 1:08:43]} 19. Nxd5 {[%clk 0:53:53]} Bxd5
{[%clk 1:09:04]} 20. exd5 {[%clk 0:54:09]} Nxb2 {[%clk 1:07:35]} 21. Be4 {[%clk
0:51:48]} Qd6 {[%clk 1:05:54]} 22. Qg4 {[%clk 0:49:00]} Kf8 {[%clk 1:02:03]}
23. Rf3 {[%clk 0:47:31]} Ke7 {[%clk 1:01:34]} 24. Rg3 {[%clk 0:38:26]} Na4
{[%clk 0:59:42]} 25. Nxf6 {[%clk 0:37:03]} gxf6 {[%clk 0:59:12]} 26. Qh5 {[%clk
0:35:51]} Rg8 {[%clk 0:51:53]} 27. Rxg8 {[%clk 0:34:48]} Rxg8 {[%clk 0:52:11]}
28. Qxh7 {[%clk 0:32:20]} Rg4 {[%clk 0:51:59]} 29. Bf3 {[%clk 0:31:47]} Rd4
{[%clk 0:52:04]} 30. Qg8 {[%clk 0:25:19]} Nb6 {[%clk 0:50:18]} 31. c3 {[%clk
0:22:28]} Rd3 {[%clk 0:41:07]} 1/2-1/2

[Event "Deutsche Ländermeisterschaft 2014"]
[Site "Hannover GER"]
[Date "2014.10.05"]
[Round "5"]
[White "Bork, Sophie"]
[Black "Shen, Julian"]
[Result "1-0"]
[Termination "normal"]
[Board "1.7"]
[WhiteElo "1574"]
[BlackElo "1810"]
[WhiteClock "00:00:51"]
[BlackClock "00:32:22"]
[WhiteTeam "Nordrhein-Westfalen"]
[BlackTeam "Bayern"]
[PlyCount "85"]
[WhiteFideId "12905429"]
[BlackFideId "12942898"]
[EventCountry "GER"]
[EventRounds "7"]
[EventType "team-swiss"]
[EventDate "2014.10.02"]

1. e4 {[%clk 1:30:57]} e6 {[%clk 1:30:56]} 2. d4 {[%clk 1:31:19]} d5 {[%clk
1:31:23]} 3. exd5 {[%clk 1:31:33]} exd5 {[%clk 1:31:45]} 4. c4 {[%clk 1:31:44]}
c6 {[%clk 1:31:43]} 5. Nc3 {[%clk 1:31:10]} Nf6 {[%clk 1:31:52]} 6. Nf3 {[%clk
1:28:55]} Bg4 {[%clk 1:29:07]} 7. cxd5 {[%clk 1:21:51]} Nxd5 {[%clk 1:27:18]}
8. Be2 {[%clk 1:20:37]} Be7 {[%clk 1:24:38]} 9. O-O {[%clk 1:18:53]} O-O {[%clk
1:23:25]} 10. Re1 {[%clk 1:16:14]} Re8 {[%clk 1:17:56]} 11. h3 {[%clk 1:14:44]}
Be6 {[%clk 1:16:17]} 12. a3 {[%clk 1:12:36]} Nd7 {[%clk 1:14:22]} 13. Qc2
{[%clk 1:11:22]} h6 {[%clk 1:11:42]} 14. Bd2 {[%clk 1:10:26]} N7f6 {[%clk
1:09:38]} 15. Rad1 {[%clk 1:04:02]} Qb6 {[%clk 1:05:39]} 16. Na4 {[%clk
0:55:54]} Qc7 {[%clk 1:04:41]} 17. Nc5 {[%clk 0:51:01]} Bxc5 {[%clk 1:01:44]}
18. dxc5 {[%clk 0:50:03]} Rad8 {[%clk 0:58:49]} 19. Bc1 {[%clk 0:45:51]} Nf4
{[%clk 0:54:49]} 20. Bxf4 {[%clk 0:35:11]} Qxf4 {[%clk 0:55:12]} 21. Rxd8
{[%clk 0:34:32]} Rxd8 {[%clk 0:55:37]} 22. Rd1 {[%clk 0:31:25]} Rd5 {[%clk
0:53:18]} 23. Rxd5 {[%clk 0:26:22]} Bxd5 {[%clk 0:51:36]} 24. Qd2 {[%clk
0:24:26]} Qxd2 {[%clk 0:47:23]} 25. Nxd2 {[%clk 0:24:48]} Kf8 {[%clk 0:46:38]}
26. f3 {[%clk 0:13:11]} Ke7 {[%clk 0:44:29]} 27. Kf2 {[%clk 0:12:06]} Ke6
{[%clk 0:43:59]} 28. Nc4 {[%clk 0:10:31]} Bxc4 {[%clk 0:43:51]} 29. Bxc4+
{[%clk 0:10:58]} Nd5 {[%clk 0:43:45]} 30. f4 {[%clk 0:07:43]} g5 {[%clk
0:38:46]} 31. g3 {[%clk 0:02:14]} gxf4 {[%clk 0:36:09]} 32. gxf4 {[%clk
0:02:43]} Kf5 {[%clk 0:34:25]} 33. Bxd5 {[%clk 0:02:39]} cxd5 {[%clk 0:34:43]}
34. Ke3 {[%clk 0:02:57]} d4+ {[%clk 0:32:37]} 35. Kxd4 {[%clk 0:03:22]} Kxf4
{[%clk 0:33:03]} 36. b4 {[%clk 0:03:32]} f5 {[%clk 0:30:59]} 37. b5 {[%clk
0:03:37]} Kg3 {[%clk 0:31:05]} 38. c6 {[%clk 0:03:44]} bxc6 {[%clk 0:30:54]}
39. bxc6 {[%clk 0:04:06]} f4 {[%clk 0:31:19]} 40. c7 {[%clk 0:04:25]} f3 {[%clk
0:31:46]} 41. c8=Q f2 {[%clk 0:31:58]} 42. Qg4+ {[%clk 0:00:48]} Kh2 {[%clk
0:32:22]} 43. Qf3 {[%clk 0:00:51]} 1-0

[Event "Deutsche Ländermeisterschaft 2014"]
[Site "Hannover GER"]
[Date "2014.10.05"]
[Round "5"]
[White "Khamenya, Vitalia"]
[Black "Paulweber, Lara Maria"]
[Result "0-1"]
[Termination "normal"]
[Board "1.8"]
[WhiteElo "1272"]
[BlackElo "1431"]
[WhiteClock "01:03:33"]
[BlackClock "00:54:03"]
[WhiteTeam "Bayern"]
[BlackTeam "Nordrhein-Westfalen"]
[PlyCount "39"]
[WhiteFideId "12959260"]
[BlackFideId "12954411"]
[EventCountry "GER"]
[EventRounds "7"]
[EventType "team-swiss"]
[EventDate "2014.10.02"]

1. e4 {[%clk 1:30:57]} e6 {[%clk 1:30:52]} 2. d4 {[%clk 1:31:21]} d5 {[%clk
1:31:13]} 3. exd5 {[%clk 1:31:45]} exd5 {[%clk 1:31:36]} 4. Bd3 {[%clk
1:32:04]} Nc6 {[%clk 1:31:56]} 5. Ne2 {[%clk 1:31:48]} Bd6 {[%clk 1:31:13]} 6.
Nbc3 {[%clk 1:31:12]} Nf6 {[%clk 1:31:00]} 7. Bf4 {[%clk 1:30:49]} Bxf4 {[%clk
1:28:25]} 8. Nxf4 {[%clk 1:30:47]} Nxd4 {[%clk 1:27:35]} 9. Qd2 {[%clk
1:17:33]} Qe7+ {[%clk 1:23:33]} 10. Nce2 {[%clk 1:16:31]} Nxe2 {[%clk 1:23:40]}
11. Nxe2 {[%clk 1:16:10]} O-O {[%clk 1:17:41]} 12. O-O-O {[%clk 1:16:14]} c5
{[%clk 1:14:16]} 13. Ng3 {[%clk 1:13:51]} h6 {[%clk 1:08:23]} 14. Rde1 {[%clk
1:12:38]} Qd8 {[%clk 1:07:26]} 15. Nf1 {[%clk 1:07:33]} c4 {[%clk 1:04:31]} 16.
Be2 {[%clk 1:06:55]} Ne4 {[%clk 1:03:30]} 17. Qd4 {[%clk 1:05:40]} Qa5 {[%clk
1:00:18]} 18. Rd1 {[%clk 1:04:30]} Qxa2 {[%clk 0:58:22]} 19. Nd2 {[%clk
1:04:14]} c3 {[%clk 0:54:03]} 20. bxc3 {[%clk 1:03:33]} 0-1

[Event "Deutsche Ländermeisterschaft 2014"]
[Site "Hannover GER"]
[Date "2014.10.05"]
[Round "5"]
[White "Koop, Thorben"]
[Black "Noe, Christopher"]
[Result "0-1"]
[Termination "normal"]
[Board "2.1"]
[BlackTitle "FM"]
[WhiteElo "2402"]
[BlackElo "2330"]
[WhiteClock "00:12:49"]
[BlackClock "00:16:19"]
[WhiteTeam "Niedersachsen 1"]
[BlackTeam "Baden 1"]
[PlyCount "58"]
[WhiteFideId "24661619"]
[BlackFideId "24692018"]
[EventCountry "GER"]
[EventRounds "7"]
[EventType "team-swiss"]
[EventDate "2014.10.02"]

1. c4 {[%clk 1:30:47]} Nf6 {[%clk 1:30:34]} 2. Nc3 {[%clk 1:30:27]} c5 {[%clk
1:30:43]} 3. Nf3 {[%clk 1:30:21]} b6 {[%clk 1:30:21]} 4. g3 {[%clk 1:29:13]}
Bb7 {[%clk 1:30:45]} 5. Bg2 {[%clk 1:29:34]} e6 {[%clk 1:31:04]} 6. O-O {[%clk
1:29:58]} Be7 {[%clk 1:31:28]} 7. Re1 {[%clk 1:30:22]} d6 {[%clk 1:28:15]} 8.
e4 {[%clk 1:30:14]} a6 {[%clk 1:26:56]} 9. d4 {[%clk 1:26:22]} cxd4 {[%clk
1:27:19]} 10. Nxd4 {[%clk 1:26:47]} Qc7 {[%clk 1:27:06]} 11. Be3 {[%clk
1:22:48]} O-O {[%clk 1:27:06]} 12. Rc1 {[%clk 1:22:27]} Nbd7 {[%clk 1:27:18]}
13. f4 {[%clk 1:20:27]} Rac8 {[%clk 1:07:07]} 14. g4 {[%clk 1:09:30]} Nc5
{[%clk 1:03:08]} 15. Bf2 {[%clk 1:09:24]} Rfd8 {[%clk 0:50:16]} 16. f5 {[%clk
1:02:01]} e5 {[%clk 0:44:37]} 17. Nc2 {[%clk 1:01:02]} b5 {[%clk 0:40:59]} 18.
cxb5 {[%clk 0:50:54]} axb5 {[%clk 0:40:56]} 19. Nb4 {[%clk 0:50:25]} Qa5 {[%clk
0:32:50]} 20. a3 {[%clk 0:44:06]} Qa8 {[%clk 0:32:49]} 21. Bh4 {[%clk 0:34:27]}
Ncxe4 {[%clk 0:28:39]} 22. Nxb5 {[%clk 0:25:18]} Rxc1 {[%clk 0:26:16]} 23. Qxc1
{[%clk 0:25:34]} d5 {[%clk 0:26:01]} 24. Bxf6 {[%clk 0:23:34]} gxf6 {[%clk
0:24:56]} 25. Bxe4 {[%clk 0:19:47]} dxe4 {[%clk 0:24:56]} 26. Qc7 {[%clk
0:19:46]} e3 {[%clk 0:21:34]} 27. Rxe3 {[%clk 0:13:18]} Bh1 {[%clk 0:15:44]}
28. Rg3 {[%clk 0:12:26]} Rd1+ {[%clk 0:16:05]} 29. Kf2 {[%clk 0:12:49]} Qe4
{[%clk 0:16:19]} 0-1

[Event "Deutsche Ländermeisterschaft 2014"]
[Site "Hannover GER"]
[Date "2014.10.05"]
[Round "5"]
[White "Mons, Leon"]
[Black "Schreiner, Till"]
[Result "0-1"]
[Termination "normal"]
[Board "2.2"]
[WhiteTitle "IM"]
[BlackTitle "FM"]
[WhiteElo "2416"]
[BlackElo "2298"]
[WhiteClock "00:27:39"]
[BlackClock "00:16:04"]
[WhiteTeam "Baden 1"]
[BlackTeam "Niedersachsen 1"]
[PlyCount "48"]
[WhiteFideId "4614950"]
[BlackFideId "24675555"]
[EventCountry "GER"]
[EventRounds "7"]
[EventType "team-swiss"]
[EventDate "2014.10.02"]

1. Nf3 {[%clk 1:30:48]} Nf6 {[%clk 1:30:51]} 2. c4 {[%clk 1:31:11]} c6 {[%clk
1:30:28]} 3. g3 {[%clk 1:31:28]} d5 {[%clk 1:30:49]} 4. Bg2 {[%clk 1:31:49]}
dxc4 {[%clk 1:29:53]} 5. O-O {[%clk 1:32:11]} e6 {[%clk 1:25:45]} 6. a4 {[%clk
1:28:11]} Na6 {[%clk 1:22:41]} 7. Na3 {[%clk 1:26:23]} Be7 {[%clk 1:11:31]} 8.
Nxc4 {[%clk 1:26:16]} O-O {[%clk 1:11:46]} 9. d4 {[%clk 1:23:48]} c5 {[%clk
1:06:11]} 10. b3 {[%clk 1:16:47]} Nd5 {[%clk 0:55:05]} 11. Bb2 {[%clk 1:14:35]}
b6 {[%clk 0:50:52]} 12. e4 {[%clk 0:57:51]} Nf6 {[%clk 0:47:50]} 13. Qe2 {[%clk
0:58:11]} Bb7 {[%clk 0:43:57]} 14. Rad1 {[%clk 0:55:59]} Qc7 {[%clk 0:37:07]}
15. dxc5 {[%clk 0:48:43]} Nxc5 {[%clk 0:29:52]} 16. Be5 {[%clk 0:47:27]} Qc8
{[%clk 0:29:14]} 17. Nd6 {[%clk 0:38:56]} Bxd6 {[%clk 0:29:25]} 18. Bxd6 {[%clk
0:39:19]} Ba6 {[%clk 0:25:46]} 19. Qe3 {[%clk 0:35:31]} Bxf1 {[%clk 0:24:59]}
20. Rxf1 {[%clk 0:28:50]} Rd8 {[%clk 0:23:53]} 21. e5 {[%clk 0:29:04]} Nd5
{[%clk 0:20:35]} 22. Qg5 {[%clk 0:28:20]} Ne4 {[%clk 0:20:03]} 23. Qh5 {[%clk
0:27:30]} Nxd6 {[%clk 0:18:25]} 24. exd6 {[%clk 0:27:39]} f6 {[%clk 0:16:04]}
0-1

[Event "Deutsche Ländermeisterschaft 2014"]
[Site "Hannover GER"]
[Date "2014.10.05"]
[Round "5"]
[White "Düssler, Stefanie"]
[Black "Gschnitzer, Adrian"]
[Result "0-1"]
[Termination "normal"]
[Board "2.3"]
[WhiteElo "2063"]
[BlackElo "2041"]
[WhiteClock "00:15:48"]
[BlackClock "00:15:14"]
[WhiteTeam "Niedersachsen 1"]
[BlackTeam "Baden 1"]
[PlyCount "140"]
[WhiteFideId "4634780"]
[BlackFideId "1270337"]
[EventCountry "GER"]
[EventRounds "7"]
[EventType "team-swiss"]
[EventDate "2014.10.02"]

1. e4 {[%clk 1:30:59]} c5 {[%clk 1:30:58]} 2. Nf3 {[%clk 1:31:24]} Nc6 {[%clk
1:31:22]} 3. d4 {[%clk 1:31:44]} cxd4 {[%clk 1:31:48]} 4. Nxd4 {[%clk 1:32:09]}
g6 {[%clk 1:32:15]} 5. Nc3 {[%clk 1:31:34]} Bg7 {[%clk 1:32:40]} 6. Be3 {[%clk
1:32:00]} Nf6 {[%clk 1:32:59]} 7. Bc4 {[%clk 1:30:11]} Qa5 {[%clk 1:32:03]} 8.
O-O {[%clk 1:27:12]} O-O {[%clk 1:32:22]} 9. Bb3 {[%clk 1:24:11]} d6 {[%clk
1:32:34]} 10. h3 {[%clk 1:22:50]} Bd7 {[%clk 1:32:03]} 11. Qd2 {[%clk 1:15:25]}
Nxd4 {[%clk 1:30:55]} 12. Qxd4 {[%clk 1:09:56]} Ng4 {[%clk 1:28:50]} 13. Qd5
{[%clk 1:01:40]} Bxc3 {[%clk 1:26:44]} 14. hxg4 {[%clk 1:01:23]} Qxd5 {[%clk
1:15:13]} 15. Bxd5 {[%clk 1:01:46]} Bg7 {[%clk 1:15:33]} 16. Bxb7 {[%clk
0:47:50]} Rab8 {[%clk 1:16:01]} 17. Bd5 {[%clk 0:48:12]} Bxg4 {[%clk 1:15:33]}
18. Rab1 {[%clk 0:45:55]} a5 {[%clk 1:12:57]} 19. Bd2 {[%clk 0:42:39]} a4
{[%clk 1:07:11]} 20. b3 {[%clk 0:41:46]} Rfc8 {[%clk 1:04:54]} 21. bxa4 {[%clk
0:35:13]} Rxb1 {[%clk 0:55:37]} 22. Rxb1 {[%clk 0:35:42]} Rxc2 {[%clk 0:55:25]}
23. Rb8+ {[%clk 0:35:40]} Rc8 {[%clk 0:55:52]} 24. Rxc8+ {[%clk 0:35:33]} Bxc8
{[%clk 0:56:21]} 25. a5 {[%clk 0:34:04]} Ba6 {[%clk 0:55:31]} 26. a4 {[%clk
0:34:23]} Kf8 {[%clk 0:52:39]} 27. Be3 {[%clk 0:31:04]} Ke8 {[%clk 0:50:27]}
28. Bc6+ {[%clk 0:18:51]} Kd8 {[%clk 0:50:53]} 29. Bb5 {[%clk 0:19:17]} Bb7
{[%clk 0:50:38]} 30. f3 {[%clk 0:18:40]} Bc3 {[%clk 0:44:40]} 31. Bb6+ {[%clk
0:11:42]} Kc8 {[%clk 0:44:12]} 32. a6 {[%clk 0:10:52]} Ba8 {[%clk 0:44:34]} 33.
Be8 {[%clk 0:09:39]} f5 {[%clk 0:38:10]} 34. exf5 {[%clk 0:09:27]} gxf5 {[%clk
0:38:39]} 35. Kf2 {[%clk 0:05:15]} Bb4 {[%clk 0:33:49]} 36. a5 {[%clk 0:03:27]}
Bd5 {[%clk 0:31:13]} 37. Bb5 {[%clk 0:03:45]} Bc5+ {[%clk 0:30:00]} 38. Kg3
{[%clk 0:01:44]} e5 {[%clk 0:28:19]} 39. Bd3 {[%clk 0:01:24]} e4 {[%clk
0:17:34]} 40. fxe4 {[%clk 0:01:39]} fxe4 {[%clk 0:16:09]} 41. Be2 {[%clk
0:02:04]} Bb4 {[%clk 0:12:33]} 42. Kf4 {[%clk 0:28:33]} Bd2+ {[%clk 0:40:37]}
43. Kf5 {[%clk 0:28:45]} Bc3 {[%clk 0:36:03]} 44. g4 {[%clk 0:26:49]} Kd7
{[%clk 0:33:28]} 45. Bb5+ {[%clk 0:24:39]} Ke7 {[%clk 0:33:03]} 46. a7 {[%clk
0:24:44]} Ba8 {[%clk 0:31:05]} 47. Kf4 {[%clk 0:22:04]} Bd2+ {[%clk 0:30:40]}
48. Kg3 {[%clk 0:21:56]} d5 {[%clk 0:28:40]} 49. Kf2 {[%clk 0:21:11]} Kd6
{[%clk 0:28:44]} 50. Ke2 {[%clk 0:20:32]} Bb4 {[%clk 0:28:30]} 51. Be8 {[%clk
0:17:34]} h6 {[%clk 0:24:47]} 52. Bg6 {[%clk 0:15:44]} Bc5 {[%clk 0:24:19]} 53.
Bd8 {[%clk 0:13:29]} Bxa7 {[%clk 0:22:22]} 54. Bf6 {[%clk 0:13:43]} Bb7 {[%clk
0:21:31]} 55. Bg7 {[%clk 0:13:31]} Ba6+ {[%clk 0:20:52]} 56. Kd2 {[%clk
0:14:00]} e3+ {[%clk 0:19:44]} 57. Kd1 {[%clk 0:14:02]} e2+ {[%clk 0:18:30]}
58. Ke1 {[%clk 0:13:59]} Be3 {[%clk 0:18:17]} 59. Bc3 {[%clk 0:13:29]} Bg5
{[%clk 0:17:42]} 60. Bd4 {[%clk 0:13:37]} Bd8 {[%clk 0:16:54]} 61. Bb6 {[%clk
0:13:01]} Bh4+ {[%clk 0:16:58]} 62. Bf2 {[%clk 0:13:22]} Bxf2+ {[%clk 0:14:02]}
63. Kxf2 {[%clk 0:13:51]} d4 {[%clk 0:13:18]} 64. Ke1 {[%clk 0:14:14]} Kc5
{[%clk 0:13:35]} 65. Kd2 {[%clk 0:14:34]} Kb4 {[%clk 0:13:38]} 66. Bh5 {[%clk
0:14:38]} Kxa5 {[%clk 0:13:35]} 67. g5 {[%clk 0:14:29]} hxg5 {[%clk 0:14:00]}
68. Bxe2 {[%clk 0:14:52]} Bxe2 {[%clk 0:14:24]} 69. Kxe2 {[%clk 0:15:20]} Kb4
{[%clk 0:14:49]} 70. Kd3 {[%clk 0:15:48]} Kc5 {[%clk 0:15:14]} 0-1

[Event "Deutsche Ländermeisterschaft 2014"]
[Site "Hannover GER"]
[Date "2014.10.05"]
[Round "5"]
[White "Wiesner, Paula"]
[Black "Sieber, Fiona"]
[Result "1/2-1/2"]
[Termination "normal"]
[Board "2.4"]
[WhiteElo "1985"]
[BlackElo "1942"]
[WhiteClock "00:17:21"]
[BlackClock "00:20:10"]
[WhiteTeam "Baden 1"]
[BlackTeam "Niedersachsen 1"]
[PlyCount "116"]
[WhiteFideId "24654019"]
[BlackFideId "12902373"]
[EventCountry "GER"]
[EventRounds "7"]
[EventType "team-swiss"]
[EventDate "2014.10.02"]

1. e4 {[%clk 1:30:58]} c5 {[%clk 1:30:56]} 2. c3 {[%clk 1:31:25]} Nf6 {[%clk
1:31:06]} 3. e5 {[%clk 1:31:52]} Nd5 {[%clk 1:31:31]} 4. d4 {[%clk 1:32:19]}
cxd4 {[%clk 1:31:56]} 5. Nf3 {[%clk 1:32:44]} e6 {[%clk 1:32:20]} 6. cxd4
{[%clk 1:33:03]} d6 {[%clk 1:32:44]} 7. Bd3 {[%clk 1:30:06]} Nc6 {[%clk
1:31:16]} 8. a3 {[%clk 1:27:39]} g6 {[%clk 1:25:52]} 9. O-O {[%clk 1:25:15]}
Bg7 {[%clk 1:25:56]} 10. Qe2 {[%clk 1:23:09]} O-O {[%clk 1:25:16]} 11. Bg5
{[%clk 1:13:10]} Qc7 {[%clk 1:16:13]} 12. Re1 {[%clk 1:10:33]} h6 {[%clk
1:11:03]} 13. Bd2 {[%clk 1:08:09]} Rd8 {[%clk 1:08:00]} 14. Nc3 {[%clk
1:00:28]} Nxc3 {[%clk 1:08:17]} 15. Bxc3 {[%clk 1:00:15]} Qb6 {[%clk 0:49:24]}
16. Rad1 {[%clk 0:56:05]} d5 {[%clk 0:44:18]} 17. Bb1 {[%clk 0:47:49]} a5
{[%clk 0:41:30]} 18. h4 {[%clk 0:40:51]} h5 {[%clk 0:34:55]} 19. Ng5 {[%clk
0:37:56]} Ne7 {[%clk 0:31:00]} 20. g3 {[%clk 0:27:22]} Bd7 {[%clk 0:30:07]} 21.
Kg2 {[%clk 0:26:52]} Ba4 {[%clk 0:27:48]} 22. Rd2 {[%clk 0:23:34]} Bh6 {[%clk
0:21:53]} 23. Rh1 {[%clk 0:21:28]} Kg7 {[%clk 0:20:55]} 24. Qf3 {[%clk
0:16:18]} Nf5 {[%clk 0:18:18]} 25. Qf4 {[%clk 0:15:47]} Rh8 {[%clk 0:17:26]}
26. f3 {[%clk 0:14:45]} Qd8 {[%clk 0:17:05]} 27. Rf2 {[%clk 0:13:03]} b6 {[%clk
0:12:45]} 28. Bd2 {[%clk 0:11:31]} Kg8 {[%clk 0:09:50]} 29. g4 {[%clk 0:10:00]}
Bxg5 {[%clk 0:10:08]} 30. hxg5 {[%clk 0:10:13]} Ng7 {[%clk 0:10:33]} 31. Kg3
{[%clk 0:08:26]} Rc8 {[%clk 0:10:24]} 32. Qf6 {[%clk 0:07:16]} Qe8 {[%clk
0:09:39]} 33. Bc3 {[%clk 0:06:22]} Rc7 {[%clk 0:07:23]} 34. Rfh2 {[%clk
0:06:00]} Qf8 {[%clk 0:06:49]} 35. Bd3 {[%clk 0:05:09]} Bb3 {[%clk 0:07:02]}
36. Qf4 {[%clk 0:04:19]} Bc4 {[%clk 0:07:14]} 37. Bc2 {[%clk 0:04:43]} Ra7
{[%clk 0:07:12]} 38. Qd2 {[%clk 0:04:37]} Qe7 {[%clk 0:07:19]} 39. f4 {[%clk
0:04:12]} Qd7 {[%clk 0:07:02]} 40. Bd1 {[%clk 0:03:58]} Ra8 {[%clk 0:04:41]}
41. gxh5 {[%clk 0:00:34]} gxh5 {[%clk 0:02:43]} 42. Bxh5 {[%clk 0:29:57]} Nxh5+
{[%clk 0:32:31]} 43. Rxh5 {[%clk 0:30:21]} Rxh5 {[%clk 0:32:57]} 44. Rxh5
{[%clk 0:30:45]} Kg7 {[%clk 0:33:17]} 45. Qh2 {[%clk 0:30:01]} Bd3 {[%clk
0:33:24]} 46. Rh6 {[%clk 0:27:53]} Bf5 {[%clk 0:29:46]} 47. Qd2 {[%clk
0:25:13]} Qb5 {[%clk 0:26:03]} 48. Qd1 {[%clk 0:21:11]} Rh8 {[%clk 0:25:36]}
49. Rxh8 {[%clk 0:21:13]} Kxh8 {[%clk 0:25:59]} 50. Kf2 {[%clk 0:19:26]} Qd3
{[%clk 0:24:28]} 51. Qxd3 {[%clk 0:19:49]} Bxd3 {[%clk 0:24:52]} 52. Ke3 {[%clk
0:19:46]} Bb1 {[%clk 0:20:08]} 53. Be1 {[%clk 0:19:31]} Kg7 {[%clk 0:20:04]}
54. Kd2 {[%clk 0:18:54]} a4 {[%clk 0:19:13]} 55. Kc3 {[%clk 0:18:18]} b5 {[%clk
0:19:23]} 56. Kb4 {[%clk 0:17:50]} Bd3 {[%clk 0:19:47]} 57. Kc5 {[%clk
0:18:00]} Kg6 {[%clk 0:20:00]} 58. Kd6 {[%clk 0:17:21]} Bc4 {[%clk 0:20:10]}
1/2-1/2

[Event "Deutsche Ländermeisterschaft 2014"]
[Site "Hannover GER"]
[Date "2014.10.05"]
[Round "5"]
[White "Ewert, Hannes"]
[Black "Hartmann, Martin"]
[Result "1-0"]
[Termination "normal"]
[Board "2.5"]
[WhiteElo "1931"]
[BlackElo "1864"]
[WhiteClock "00:35:29"]
[BlackClock "00:00:51"]
[WhiteTeam "Niedersachsen 1"]
[BlackTeam "Baden 1"]
[PlyCount "73"]
[WhiteFideId "12961574"]
[BlackFideId "12911925"]
[EventCountry "GER"]
[EventRounds "7"]
[EventType "team-swiss"]
[EventDate "2014.10.02"]

1. e4 {[%clk 1:30:55]} c5 {[%clk 1:30:55]} 2. Nf3 {[%clk 1:31:13]} Nc6 {[%clk
1:31:19]} 3. d4 {[%clk 1:31:30]} cxd4 {[%clk 1:31:41]} 4. Nxd4 {[%clk 1:31:50]}
Nf6 {[%clk 1:32:06]} 5. Nc3 {[%clk 1:32:12]} e5 {[%clk 1:32:32]} 6. Ndb5 {[%clk
1:32:10]} d6 {[%clk 1:32:44]} 7. Bg5 {[%clk 1:32:24]} a6 {[%clk 1:33:05]} 8.
Na3 {[%clk 1:31:47]} b5 {[%clk 1:33:30]} 9. Bxf6 {[%clk 1:30:34]} gxf6 {[%clk
1:33:54]} 10. Nd5 {[%clk 1:30:51]} f5 {[%clk 1:34:18]} 11. Bd3 {[%clk 1:30:26]}
Be6 {[%clk 1:34:19]} 12. c3 {[%clk 1:29:54]} Bg7 {[%clk 1:34:03]} 13. Nxb5
{[%clk 1:27:49]} axb5 {[%clk 1:27:16]} 14. Bxb5 {[%clk 1:27:57]} Bd7 {[%clk
1:26:12]} 15. exf5 {[%clk 1:28:03]} O-O {[%clk 1:22:54]} 16. O-O {[%clk
1:26:46]} Kh8 {[%clk 1:17:38]} 17. Qg4 {[%clk 1:22:45]} f6 {[%clk 1:13:49]} 18.
Qe4 {[%clk 1:20:48]} Rc8 {[%clk 0:55:03]} 19. a4 {[%clk 1:13:53]} Nb8 {[%clk
0:52:47]} 20. Bxd7 {[%clk 1:11:07]} Nxd7 {[%clk 0:53:07]} 21. b4 {[%clk
1:11:24]} Nb6 {[%clk 0:48:20]} 22. Nxb6 {[%clk 1:00:43]} Qxb6 {[%clk 0:48:42]}
23. Rfc1 {[%clk 1:00:43]} Bh6 {[%clk 0:44:30]} 24. Rc2 {[%clk 1:00:05]} Rg8
{[%clk 0:44:02]} 25. a5 {[%clk 0:52:42]} Qb5 {[%clk 0:43:06]} 26. Qe2 {[%clk
0:51:48]} Qd5 {[%clk 0:37:43]} 27. g3 {[%clk 0:50:13]} Qb3 {[%clk 0:28:34]} 28.
b5 {[%clk 0:47:49]} Rxc3 {[%clk 0:18:50]} 29. Rb2 {[%clk 0:48:01]} Qd5 {[%clk
0:17:51]} 30. b6 {[%clk 0:46:05]} Qc5 {[%clk 0:09:41]} 31. b7 {[%clk 0:39:41]}
Qa7 {[%clk 0:08:07]} 32. a6 {[%clk 0:38:05]} d5 {[%clk 0:02:06]} 33. Qb5 {[%clk
0:36:17]} Be3 {[%clk 0:00:39]} 34. b8=Q {[%clk 0:35:06]} Bxf2+ {[%clk 0:00:36]}
35. Kf1 {[%clk 0:35:09]} Bg1 {[%clk 0:00:32]} 36. Qxg8+ {[%clk 0:35:10]} Kxg8
{[%clk 0:00:51]} 37. Qe8+ {[%clk 0:35:29]} 1-0